| 000 | 00339 a2200133 4500 | ||
|---|---|---|---|
| 005 | 20250403105256.0 | ||
| 020 | _a0-394-34485-5 | ||
| 082 | _a519.2 SNE | ||
| 100 | _aSNELL, J. L. | ||
| 245 | _aIntroduction to Probability | ||
| 260 |
_aNew York, _bRandom House, _c1988. |
||
| 300 |
_axix, 478p.: ill,; table _bIndex. _c24cm. |
||
| 942 |
_2ddc _cBKS |
||
| 999 |
_c1070 _d1070 |
||